Les pièces du jeu d'échecs - Statistiques

Statistiques générales
  • Ce quiz a été pris 1 277 fois
  • Le résultat moyen est 5 sur 6
Statistiques - réponses
Par images Réponse % Correct
Pion
95%
Roi
89%
Dame
86%
Tour
83%
Cavalier
64%
Fou
54%
Aucun quiz correspondant
Distribution des résultats
% des personnes avec chaque résultat
Percentile par nombre de réponses
Votre historique - résultats
Vous n’avez pas pris ce quiz